000 00235nam a22000857a 4500
001 1231738
005 20250919121726.0
245 _aİLK KAYNAKLARA GÖRE HZ. PEYGAMBER (A.S.) DEVRİ KRONOLOJİSİ
_cKASIM ŞULUL
260 _bİNSAN YAYINLARI
999 _c1231738
_d1231738